00746nam a2200181 i 450000100060000000300090000600700030001500800410001810000210005924501680008026000330024830000180028150501150029970000300041474000580044474000380050285200240054026914ES-MaACLt|030113s1934 sp ||||1| spa d1 aAschoff, Ludwig.10aTratado de Anatomía patológica / cpublicado bajo la dirección de Ludwig Aschoff ; traducción de la septima edición alemana por Julio G. Sánchez Lucas. aBarcelona : bLabor, c1934. av. ; c25 cm.8 aContiene: T. I: Etiologia general. Anatomía patológica general. -- T. II: Anatomía patológica especial1 aSánchez-Lucas, Julio G.0 aEtiología general. Anatomía patológica general.0 aAnatomía patológica especial. aES-MaACLjE-1711-12